<?xml version="1.0" encoding="UTF-8"?>
<record
    xmlns:xsi="http://www.w3.org/2001/XMLSchema-instance"
    xsi:schemaLocation="http://www.loc.gov/MARC21/slim http://www.loc.gov/standards/marcxml/schema/MARC21slim.xsd"
    xmlns="http://www.loc.gov/MARC21/slim">

  <leader>00778nam a2200205   4500</leader>
  <datafield tag="999" ind1=" " ind2=" ">
    <subfield code="c">3862</subfield>
    <subfield code="d">3862</subfield>
  </datafield>
  <controlfield tag="001">4653</controlfield>
  <controlfield tag="005">20190805161952.0</controlfield>
  <controlfield tag="008">190805b           ||||| |||| 00| 0 eng d</controlfield>
  <datafield tag="020" ind1="0" ind2="0">
    <subfield code="a">9789993693116</subfield>
  </datafield>
  <datafield tag="090" ind1="0" ind2="0">
    <subfield code="a">244.3 T197n 2013</subfield>
  </datafield>
  <datafield tag="100" ind1=" " ind2=" ">
    <subfield code="a">Tashi, Phuntsho.</subfield>
  </datafield>
  <datafield tag="245" ind1="0" ind2="0">
    <subfield code="a">&#xF49;&#xF72;&#xF0C;&#xF58;&#xF0C;&#xF64;&#xF62;&#xF0C;&#xF42;&#xFB1;&#xF72;&#xF0C;&#xF55;&#xFB1;&#xF7C;&#xF42;&#xF66;&#xF0C;&#xF63;&#xF66;&#xF0D;  &#xF64;&#xF62;&#xF0C;&#xF56;&#xF60;&#xF72;&#xF0C;&#xF66;&#xF90;&#xF62;&#xF0C;&#xF58;&#xF0C;&#xF62;&#xFA3;&#xF58;&#xF0C;&#xF42;&#xF66;&#xF74;&#xF58;&#xF0D;</subfield>
    <subfield code="c">Phuntsho Tashi.</subfield>
  </datafield>
  <datafield tag="260" ind1="0" ind2="0">
    <subfield code="a">Thimphu :</subfield>
    <subfield code="b">Tshokey Dorji Foundation,</subfield>
    <subfield code="c">2013.</subfield>
  </datafield>
  <datafield tag="300" ind1="0" ind2="0">
    <subfield code="a">505. : col. ill. </subfield>
  </datafield>
  <datafield tag="500" ind1=" " ind2=" ">
    <subfield code="a">Namthar Biogrpahy of Lama Karpo Tshewang, Peljor and  Bartsham, Lama Pema Wangchen.</subfield>
  </datafield>
  <datafield tag="500" ind1="0" ind2="0">
    <subfield code="a">In Dzongkha. </subfield>
  </datafield>
  <datafield tag="650" ind1="0" ind2="0">
    <subfield code="a">Brug-pa lamas --Bhutan --Biography.</subfield>
  </datafield>
  <datafield tag="650" ind1="0" ind2="0">
    <subfield code="a">Brug-pa lamas --China --Tibet --Biography.</subfield>
  </datafield>
  <datafield tag="942" ind1=" " ind2=" ">
    <subfield code="2">ddc</subfield>
    <subfield code="c">DZONGKHA</subfield>
  </datafield>
  <datafield tag="952" ind1=" " ind2=" ">
    <subfield code="0">0</subfield>
    <subfield code="1">0</subfield>
    <subfield code="2">ddc</subfield>
    <subfield code="4">0</subfield>
    <subfield code="7">0</subfield>
    <subfield code="8">DZONGKHA</subfield>
    <subfield code="a">RTCLIB</subfield>
    <subfield code="b">RTCLIB</subfield>
    <subfield code="c">DZONGKHA</subfield>
    <subfield code="d">2021-10-04</subfield>
    <subfield code="h"> </subfield>
    <subfield code="i">7350</subfield>
    <subfield code="l">1</subfield>
    <subfield code="m">1</subfield>
    <subfield code="o">954.98 TAS</subfield>
    <subfield code="p">30007462</subfield>
    <subfield code="r">2021-10-19 00:00:00</subfield>
    <subfield code="s">2021-10-04</subfield>
    <subfield code="w">2018-11-27</subfield>
    <subfield code="y">DZONGKHA</subfield>
  </datafield>
</record>
